Technologie tkalcovství pro 2. ročník OU [odborné učiliště] a UŠ [učňovské školy] /

Hlavní autor: Marek, Zdeněk
Další autoři: Fukač, František
Jazyk: Čeština
Vydáno: Praha : SNTL, 1973
Vydání: 2., přeprac. vyd.
Edice: Textilní literatura
Témata:
Fyzický popis: 105 s. : il. ; 20 cm
Knihy
Uloženo v:
LEADER 01322nam a2200325 a 4500
001 000452226
003 CZ BrMZK
005 20251022070039.0
007 ta
008 970509s1973 xr a f cze d
015 |a cnb000440024 
035 |a (OCoLC)85240051 
040 |a BOA001  |b cze 
080 |a 372.867.705(075.3)  |2 MRF 
080 |a 677.054(075.3)  |2 MRF 
100 1 |a Marek, Zdeněk  |7 jx20040902023  |4 aut 
245 1 0 |a Technologie tkalcovství pro 2. ročník OU [odborné učiliště] a UŠ [učňovské školy] /  |c Zdeněk Marek, František Fukačdodatek pro specializace tkadlec bavlněných a hedvábných tkanin a seřizovač textilních strojů v tkalcovnách bavlny a hedvábí 
250 |a 2., přeprac. vyd. 
260 |a Praha :  |b SNTL,  |c 1973 
300 |a 105 s. :  |b il. ;  |c 20 cm 
490 1 |a Textilní literatura 
653 0 |a tkalcovství 
700 1 |a Fukač, František  |7 jk01032150  |4 aut 
830 0 |a Textilní literatura 
910 |a BOA001  |b 2-1067.643  |b PK-0037.541-73 
920 |a 000758790 
964 |a Tkalcovství  |x technologie  |x učebnice  |x školy učňovské 
990 |a BK 
996 6 |b 2610106994  |c 2-1067.643  |l MZK  |r Sklad / do 1 hodiny  |n 3  |p dar  |w 000452226  |u 000010  |a 1  |e BOA001  |j MZK50  |s P 
996 6 |b BC-184968  |c PK-0037.541-73  |l MZK  |r Sklad / do 1 hodiny  |n 0  |w 000452226  |u 000020  |a 1  |e BOA001  |j MZK50  |s P